1945 1349 1317 1724 1330 1921 1427 1415 1730 1510 1285 1635 1199 1982 1354 1066 1022 1533 1704 1869 1995 1225 1333 1338 1100 1842 1879 1316 1415 1487 1285 1068 1970 1647 1857 1707 1305 1273 1572 1701 1460 1058 1019 1416 1673 1203 1457 1265 1872 1098 1428 1580 1737 1372 1466 1981 1616 1264 1413 1070 1583 1043 1544 1467 1221 1145 1371 1383 1579 1416 1830 1971 1435 1081 1915 1934 1424 1538 1286 1385 1570 1157 1255 1048 1296 1879 1862 1571 1083 1143 1804 1495 1053 1197 1038 1847 1112 1549 1545 BCNSPRNW ULIB Ver.6.0+V

เปลี่ยนเป็นภาษาไทย

Change to English
 แสดงรายละเอียดบรรณานุกรม
  กลับหน้าหลัก

Brief Record : Get Marc (ISO 2709) : E-mail record : QR code < ปิดหน้าต่าง
LEADER : 00000nam 2200000uu 4500
001    13399125931
003     ULIB
008    171120s2559||||th 000 0 tha d
020    ^a9786163216168
050    ^aLB2014ช116ก
100    ^aชัยวัฒน์ สุทธิรัตน์
245    ^aการพัฒนาหลักสูตร : ทฤษฎีสู่การปฏิบัติ / ชัยวัฒน์ สุทธิรัตน์
250    ^aพิมพ์ครั้งที่ 5
260    ^aกรุงเทพฯ :^bวีพรินท์,^c2559
300    ^a402 หน้า;^b21 ซม.
650    ^aหลักสูตร.
650    ^aการศึกษา--หลักสูตร
650    ^aการประเมินหลักสูตร
650    ^aการพัฒนาหลักสูตร
945    ^p280^l0^i25684
999    ^aกัณชพร จุลอักษร
รายการนี้ยังไม่มีแท็ก
คุณยังไม่ได้ล็อกอิน คุณสามารถมีกิจกรรมร่วมกับเว็บไซต์ได้ แต่ต้องล็อกอินก่อน ::
  ล็อกอิน

รายการสื่อสารสนเทศ

ลำดับที่ ประเภท เลขเรียก/บาร์โค้ด สถานที่ สถานะ
1. วิทยาศาสตร์การแพทย์ และสุขภาพ
วิทยาศาสตร์การแพทย์ และสุขภาพ
LB2014ช116ก ฉ.1 
  Barcode: 25684
ห้องสมุดวิทยาเขตนครสวรรค์
►หนังสือทั่วไป:l:General Books
บนชั้น

รายการใกล้เคียง
    ชื่อเรื่อง [การพัฒนาหลักสูตร : ทฤษฎีสู่การปฏิบัติ / ชัยวัฒน์ สุทธิรัตน์]

    ผู้แต่ง [ชัยวัฒน์ สุทธิรัตน์]

    หัวเรื่อง [หลักสูตร.]
    หัวเรื่อง [การศึกษา--หลักสูตร]
    หัวเรื่อง [การประเมินหลักสูตร]
    หัวเรื่อง [การพัฒนาหลักสูตร]

BibComment


ยังไม่เคยถูกคอมเมนท์

คอมเมนท์ทรัพยากรรายการนี้
  คอมเมนท์: การพัฒนาหลักสูตร..


 Copyright 2026. Bcnsprnw @Library